000
00288nam a2200133Ia 4500
008
231129s1972||||xx |||||||||||||| ||spa||
040
_b
spa
082
_a
892.709 V532
100
_a
Vernet Juan
245
0
_a
Literatura árabe
260
_c
1972
264
_a
Labor
942
_2
ddc
_c
BKS
999
_c
19328
_d
19328